Bohumil Kubišta (1884-1918) : [Katalog výstavy] : Bohumil Kubišta, Litoměřice, 19.11.1992-17.01.1993 /
Uložené v:
| Ďalší autori: | , , |
|---|---|
| Médium: | Kniha |
| Jazyk: | Czech |
| Vydané: |
b.m. :
Empora,
1992.
|
| Fyzický popis: |
Nestránkované : reprodukcie ; 30 cm +príloha (nemecké resumé) |
| Tagy: |
Pridať tag
Žiadne tagy, Buďte prvý kto otaguje tento záznam!
|
Titul je dostupný aj v ... 

MARC
| LEADER | 00000nam a2200000 a 4500 | ||
|---|---|---|---|
| 001 | 000241069 | ||
| 005 | 20240701134433.0 | ||
| 008 | 040101s1992 xr e czeo | ||
| 020 | |q (brožované) | ||
| 040 | |a SVKKK |b slo |c SVKKK |e rda | ||
| 041 | 0 | |a cze |b ger | |
| 044 | |a xr |c CZ | ||
| 100 | 1 | |a Kubišta, Bohumil, |d 1884-1918 |4 art | |
| 245 | 1 | 0 | |a Bohumil Kubišta (1884-1918) : |b [Katalog výstavy] : Bohumil Kubišta, Litoměřice, 19.11.1992-17.01.1993 / |c Bohumil Kubišta ; Text Mahulena Nešlehová ; Fotogr. Jan Brodský, Oto Palán. |
| 264 | 1 | |a b.m. : |b Empora, |c 1992. | |
| 300 | |a Nestránkované : |b reprodukcie ; |c 30 cm |e +príloha (nemecké resumé) | ||
| 336 | |a text |b txt |2 rdacontent | ||
| 337 | |a bez média |b n |2 rdamedia | ||
| 338 | |a zväzok |b nc |2 rdacarrier | ||
| 500 | |a Záznam neprešiel kontrolou | ||
| 700 | 1 | |a Brodský, Jan, |d 1952- |4 pht | |
| 700 | 1 | |a Nešlehová, Mahulena, |d 1944- |4 com | |
| 700 | 1 | |a Palán, Oto |4 pht | |
| 910 | |a svkkk | ||
| 998 | |a BK | ||
| 090 | |g SCKHL |k Sklad Pribinova 3. posch. |a V.185126 |j 858622 |i 2720844285 |s Absenčne | ||